000
00295nam a22001337a 4500
008
170922b xxu||||| |||| 00| 0 eng d
020
_a
9780195149005
041
_a
eng
080
_a
37
100
_a
46
101
_a
EDU
245
_a
CREATIVITY AND DEELOPMENT
_c
SAWYER, R.K
942
_2
udc
_c
BK
999
_c
29168
_d
29168